000 01081nac a22002291u 4500
010 _a97046926
020 _a0138874077 :
020 _a0139179984 :
082 0 0 _a005.43
_bS7827
090 _c554
_d554
100 _aStallings, William.
245 0 0 _aOperating systems:
_binternals and design principles /
_cWilliam Stallings.
250 _a3rd ed.
260 _aUpper Saddle River, N.J. :
_bPrentice Hall,
_cc1998.
300 _axvii, 781 p. ;
_c25 cm.
504 _aIncludes bibliographical references (p. [753]-769) and index.
650 0 _aOperating systems (Computers)
942 _cBB
_k005.43S7827
999 _c554
_d554